000 00320nam a22001337a 4500
008 221121b ||||| |||| 00| 0 eng d
041 _aeng
080 _2VOLUME XLV
_a159.9
082 _a159.9CHA
100 _a25
101 _aPSI
245 _aTHE AMERICAN PHILOSOPHICAL ASSOCIATION
_cCHAIRMAN.M.M
942 _2udc
_cBK
999 _c58973
_d58973